General Electric magyarországi tevékenysége és a fő üzletága a repülőgépgyártás

Bibliográfiai részletek
Szerző: Sinkovicz István
További közreműködők: Kruppa Dr. Éva
Dokumentumtípus: Záródolgozat
Kulcsszavak:General Electric
Kutatásfejlesztés
Repülőgépgyártás
Magyarország
Innováció
Online Access:http://dolgozattar.uni-bge.hu/18728

MARC

LEADER 00000nta a2200000 i 4500
001 dolg18728
005 20200324105947.0
008 181203suuuu hu o 000 hun d
040 |a BGE Dolgozattár Repozitórium  |b hun 
041 |a hu 
100 1 |a Sinkovicz István 
245 1 0 |a General Electric magyarországi tevékenysége és a fő üzletága  |b a repülőgépgyártás  |c Sinkovicz István  |h [elektronikus dokumentum] 
516 |a Final_paper 
695 |a General Electric 
695 |a Kutatásfejlesztés 
695 |a Repülőgépgyártás 
695 |a Magyarország 
695 |a Innováció 
700 1 |a Kruppa Dr. Éva  |e ths 
856 4 0 |u http://dolgozattar.uni-bge.hu/18728/1/Sinkovicz_Istv%C3%A1n_Z%C3%A1r%C3%B3dolgozat_FOSZK_2018.pdf  |z Dokumentum-elérés